[Event "LSS BI-2010-P-00023"]
[Site "LSS email"]
[Date "2010.04.19"]
[Round "?"]
[White "Ruslin, Alexey"]
[Black "Tinga, Socrates"]
[Result "0-1"]
[WhiteElo "1012"]
[BlackElo "1087"]
[PlyCount "86"]
[EventDate "2010.04.22"]
[EventType "tourn (corr)"]
[EventRounds "10"]
[EventCountry "GER"]
[SourceTitle "Telechess CBM 141"]
[Source "ChessBase"]
[SourceDate "2011.03.17"]
[SourceVersion "1"]
[SourceVersionDate "2011.03.17"]
[SourceQuality "1"]

1. d4 Nf6 2. Nf3 g6 3. b3 Bg7 4. Bb2 d5 5. e3 0-0 6. Bd3 Nc6 7. a3 e5 8. dxe5 Ng4 9. Nbd2 Ngxe5 10. Nxe5 Nxe5 11. Bxe5 Bxe5 12. Rb1 Qg5 13. Qf3 c6 14. h3 Qe7 15. b4 a5 16. 0-0 Bc3 17. Rbd1 axb4 18. axb4 Qxb4 19. Rb1 Qd6 20. Nb3 f5 21. Rfd1 b5 22. Nc1 b4 23. Ne2 Bg7 24. Nd4 f4 25. Ne2 fxe3 26. Qxe3 Bd7 27. Qd2 Rab8 28. Re1 c5 29. Be4 Bc6 30. Rbd1 d4 31. Bxc6 Qxc6 32. Rb1 Qd5 33. Nf4 Qg5 34. g3 Be5 35. Re4 b3 36. Rxb3 Rxb3 37. cxb3 Bxf4 38. Rxf4 Rxf4 39. Qxf4 Qxf4 40. gxf4 Kg7 41. Kf1 Kf6 42. Ke2 Kf5 43. Kf3 h6 0-1

[Event "LSS BI-2010-P-00023"]
[Site "LSS email"]
[Date "2010.04.19"]
[Round "?"]
[White "Tinga, Socrates"]
[Black "Luzuriaga, Norberto Horacio"]
[Result "0-1"]
[WhiteElo "1041"]
[BlackElo "2010"]
[PlyCount "54"]
[EventDate "2010.04.22"]
[EventType "tourn (corr)"]
[EventRounds "10"]
[EventCountry "GER"]
[SourceTitle "Telechess CBM 141"]
[Source "ChessBase"]
[SourceDate "2011.03.17"]
[SourceVersion "1"]
[SourceVersionDate "2011.03.17"]
[SourceQuality "1"]

1. e4 d6 2. d4 Nf6 3. Nc3 g6 4. Nf3 Bg7 5. Be2 0-0 6. Be3 c6 7. 0-0 b5 8. e5 Ng4 9. Bf4 dxe5 10. dxe5 Qa5 11. Qd4 b4 12. Ne4 Nd7 13. a3 b3 14. cxb3 Ngxe5 15. Nxe5 Nxe5 16. Qe3 Ng4 17. Qc1 Qb6 18. b4 Bf5 19. Ng3 Be6 20. Bxg4 Bxg4 21. Bh6 a5 22. Bxg7 Kxg7 23. bxa5 Rxa5 24. Re1 Rc5 25. Qf4 Be6 26. Qd4+ Kg8 27. b4 Rb5 0-1

[Event "LSS BI-2010-P-00023"]
[Site "LSS email"]
[Date "2010.04.19"]
[Round "?"]
[White "Zonneveld, Will"]
[Black "Tinga, Socrates"]
[Result "1-0"]
[WhiteElo "1572"]
[BlackElo "1041"]
[PlyCount "105"]
[EventDate "2010.04.22"]
[EventType "tourn (corr)"]
[EventRounds "10"]
[EventCountry "GER"]
[SourceTitle "Telechess CBM 141"]
[Source "ChessBase"]
[SourceDate "2011.03.17"]
[SourceVersion "1"]
[SourceVersionDate "2011.03.17"]
[SourceQuality "1"]

1. e4 e5 2. Nf3 Nc6 3. Bb5 a6 4. Bxc6 bxc6 5. Nxe5 Qe7 6. d4 d6 7. Nxc6 Qxe4+ 8. Qe2 Qxe2+ 9. Kxe2 Ne7 10. Na5 g6 11. Re1 Bg7 12. Kf1 Be6 13. c3 0-0 14. Bd2 Rfb8 15. b3 Re8 16. Na3 Bf5 17. N3c4 h6 18. f3 Bd3+ 19. Kf2 g5 20. g3 Bh7 21. Kg2 Rab8 22. Re2 Bd3 23. Re3 Bf5 24. Rae1 Be6 25. R3e2 Rb5 26. b4 Rbb8 27. f4 gxf4 28. Bxf4 Nd5 29. Bd2 Nf6 30. Kg1 d5 31. Ne3 Ne4 32. Nb3 c6 33. Nc5 Nxc5 34. dxc5 Bd7 35. Nc2 Rxe2 36. Rxe2 a5 37. a3 axb4 38. axb4 Ra8 39. Nd4 Ra2 40. Kf1 h5 41. Be3 Ra1+ 42. Kg2 Ra3 43. b5 Bg4 44. Rc2 Bxd4 45. Bxd4 cxb5 46. Rb2 Bd7 47. Re2 f6 48. Bxf6 Kf7 49. Bd4 Rb3 50. Kf2 b4 51. cxb4 Rxb4 52. Ke3 Ra4 53. Rb2 1-0